000 00977cam a2200229 i 4500
003 SA-RiAUC
005 20260113140257.0
008 260104s1904 ua g 00000 ara c
040 _aSA-RiAUC
_bara
_cSA-RiAUC
_erda
082 0 4 _a213
090 _aم ن 213
_bا م ا
100 1 _aالإمام مالك، مالك بن أنس بن مالك،
_d93-179 هجري
_eمؤلف.
245 1 0 _aرسالة إمام أهل المدينة أبي عبد الله مالك بن أنس إلى أمير المؤمنين هارون الرشيد /
_cمالك بن أنس بن مالك بن أبي عامر.
264 1 _aالقاهرة :
_bالمكتبة الميمنية،
_c1904
300 _a24 صفحة ؛
_c28 سم
336 _aنص
_btxt
_2rdacontent
_3كتاب
337 _aبدون وسيط
_bn
_2rdamedia
338 _aمجلد
_bnc
_2rdacarrier
650 7 _aالدعوة الإسلامية
_2aucsh
942 _2ddc
_cRBOOK COPY
_n0
949 _aSA-JeALM
_d260104
_umohamedma123
_n1
999 _c14034
_d14034